Statistics for Characters in Scream Queens

Click here to take the quiz!

General Stats

  • This quiz has been taken 114 times
  • The average score is 9 of 15

Answer Stats

HintAnswer% Correct
Main CharacterChanel Oberlin
92%
Sadie SwensonChanel #3
87%
Sonya HerfmannChanel #2
86%
Libby PutneyChanel #5
83%
Hester UlrichChanel '#6
77%
Fakes He's GayBoone
76%
Dead ChanelChanel #4
72%
Wants to be House PresidentZayday Williams
60%
Head was Mowed offDeaf Taylor Swift
58%
Chanel's BoyfriendChad Radwell
57%
Hester's MomGigi
57%
Serial KillerRed Devil
52%
Head was Burned offMs. Bean
34%
Chad's BrotherBrad Radwell
28%
Zayday's BestieGrace Gardener
23%

Score Distribution

Percentile by Number Answered

Percent of People with Each Score

Your Score History

You have not taken this quiz